Общая и региональная экология: учебное пособие

Bibliographische Detailangaben
1. Verfasser: Корнилов А. Г. Андрей Геннадьевич
Körperschaft: Белгородский государственный университет (БелГУ)
Weitere Verfasser: Петин А. Н. Александр Николаевич
Zusammenfassung:Учебное пособие состоит из трех разделов: краткого конспекта лекций, практикума и системы обучающих тестов, согласованно скомпонованных для наиболее эффективного самостоятельного освоения учебной дисциплины. Для студентов вузов, обучающихся по инженерно-геологическим, экологическим и географическим специальностям, а также для широкого круга читателей, интересующихся экологической проблематикой.
Sprache:Russisch
Veröffentlicht: Белгород, Изд-во БелГУ, 2006
Schlagworte:
Format: Buch
KOHA link:https://koha.lib.tpu.ru/cgi-bin/koha/opac-detail.pl?biblionumber=181738

MARC

LEADER 00000nam0a2200000 4500
001 181738
005 20231101223637.0
010 |a 5957102334 
035 |a (RuTPU)RU\TPU\book\197005 
090 |a 181738 
100 |a 20100610d2006 m y0rusy50 ca 
101 0 |a rus 
102 |a BY 
105 |a a j 001zy 
200 1 |a Общая и региональная экология  |e учебное пособие  |f А. Г. Корнилов, А. Н. Петин  |g Белгородский государственный университет (БелГУ) 
210 |a Белгород  |c Изд-во БелГУ  |d 2006 
215 |a 280 с.  |c ил. 
320 |a Библиогр.: с. 270-271. 
330 |a Учебное пособие состоит из трех разделов: краткого конспекта лекций, практикума и системы обучающих тестов, согласованно скомпонованных для наиболее эффективного самостоятельного освоения учебной дисциплины. Для студентов вузов, обучающихся по инженерно-геологическим, экологическим и географическим специальностям, а также для широкого круга читателей, интересующихся экологической проблематикой. 
606 1 |a Экология в целом  |2 stltpush  |3 (RuTPU)RU\TPU\subj\39023  |9 59264 
610 1 |a окружающая среда 
610 1 |a экологические системы 
610 1 |a биоценоз 
610 1 |a популяции 
610 1 |a биосфера 
610 1 |a антропогенез 
610 1 |a региональная экология 
610 1 |a Россия 
610 1 |a экологические кризисы 
610 1 |a экологическое состояние 
610 1 |a оценка 
610 1 |a атмосфера 
610 1 |a гидросфера 
610 1 |a земельные реформы 
610 1 |a леса 
610 1 |a радиоактивное загрязнение 
610 1 |a природопользование 
610 1 |a экономика 
610 1 |a устойчивое развитие 
610 1 |a экологическая политика 
610 1 |a практические работы 
610 1 |a тесты 
610 1 |a учебные пособия 
675 |a 504(075.8)  |v 3 
700 1 |a Корнилов  |b А. Г.  |g Андрей Геннадьевич 
701 1 |a Петин  |b А. Н.  |g Александр Николаевич 
712 0 2 |a Белгородский государственный университет (БелГУ)  |2 stltpush  |3 (RuTPU)RU\TPU\col\5583 
801 1 |a RU  |b 63413507  |c 20100610 
801 2 |a RU  |b 63413507  |c 20120209  |g RCR 
900 |a Общая экология 
942 |c BK 
951 |b 130302